| 000 | 00662nam a2200169 i 4500 | ||
|---|---|---|---|
| 001 | 91154 | ||
| 003 | ES-MaACL | ||
| 005 | 20230906180645.0 | ||
| 007 | t| | ||
| 008 | 050127s1957 sp ||||1| spa d | ||
| 100 | 1 |
_aLeontief, Wassily W. _971698 |
|
| 245 | 1 | 3 |
_aLa estructura de la economía americana _b: 1919-1939 : una aplicación empírica del análisis del equilibrio / _cWassily W. Leontief ; traducción y apéndice bibliográfico por Fabián Estapé. |
| 260 |
_aBarcelona : _bJosé María Bosch, _c1957 ( _fVda. de Daniel Cochs) |
||
| 300 |
_a287 p. ; _c25 cm. |
||
| 700 | 1 |
_aEstapé, Fabián ( _d1923-2012) _948011 |
|
| 852 |
_aES-MaACL _jC-14160 _bR.41778 |
||
| 999 |
_c91154 _d91154 |
||